000 00789nmc a2200313 a 4500
003 AR-Y00000XR
005 20251128211845.0
008 136120s2001 ||||||||||||||000 | spa||
020 _a84-205-3137-5
040 _cAR-Y00000XR
100 1 _aJay, Ros
245 1 0 _aPresentaciones convincentes
260 _aMadrid
_bPrentice Hall
_c2001
300 0 _a98 p.
490 0 _aSoluciones
650 4 _aORATORIA
650 4 _aTECNICAS DE COMUNICACION
650 4 _aEXPRESION ORAL
650 4 _aCOMUNICACION VERBAL
650 4 _aLENGUAJE HABLADO
650 4 _aEJERCITACION DE LA EXPRESION ORAL
650 4 _aPERSUASION
650 4 _aEMPRESAS
650 4 _aRENDIMIENTO
650 4 _aEXITO
700 1 _aMéndez, Gloria
_etraductor
942 _cBK
998 _cme-solo cat
999 _c21402
_d21402